Dilemas de la institucin̤ municipal Una incursin̤ en la experiencia Oaxaqueą /

Bibliographic Details
Main Author: Hernǹdez-Da̕z, Jorge
Other Authors: Juan Martn̕ez, Vc̕tor Leonel
Format: eBook
Language:Spanish
Published: Ciudad de Mx̌ico: Cm̀ara de Diputados, 2007
Subjects:
Online Access:Acceso restringido

MARC

LEADER 00000nam a22000007a 4500
005 20171121172649.0
007 cr|||| ||||
008 171121s2007 mx |||||s|||| 00||0 spa d
020 |a 978-970-701-932-4 
035 |a 20823 
040 |a vLex 
090 |c 7209  |d 7209 
100 1 |a Hernǹdez-Da̕z, Jorge 
245 1 0 |a  Dilemas de la institucin̤ municipal  |h [Recurso electrn̤ico]:  |b Una incursin̤ en la experiencia Oaxaqueą /  |c Jorge Hernǹdez-Da̕z; Vc̕tor Leonel Juan Martn̕ez 
256 |a Servicio en ln̕ea 
260 |a Ciudad de Mx̌ico:  |b Cm̀ara de Diputados,  |c 2007 
300 |a 1 recurso electrn̤ico 
506 1 |a Disponible solo en los productos indicados  |d vLex Global  |d vLex Global (Academic Edition, excluding Law Schools)  |d vLex Global (U.S. Academic Edition, Law Schools)  |d vLex Global (U.S. Academic Edition, excluding Law Schools)  |d vLex Global (Academic Edition, Law Schools) 
648 0 4 |a Derecho Pb︢lico  |z Mx̌ico 
650 0 4 |a Derecho administrativo  |z Mx̌ico 
700 1 |a Juan Martn̕ez, Vc̕tor Leonel 
740 0 |a vLex Libros (Servicio en ln̕ea) 
856 4 0 |u http://vlex.com/source/dilemas-institucion-municipal-20823  |z Acceso restringido 
942 |c BOOK 
999 0 |a Public law 
999 0 |a Administrative law